[Event "OLSW 1920 SC Caissa Schwarzenbach - SK L"]
[Site "?"]
[Date "2019.09.29"]
[Round "1.1"]
[White "Baerwinkel, Tobias"]
[Black "Frischmann, Rick"]
[Result "1/2-1/2"]
[WhiteElo "2361"]
[BlackElo "2320"]
[PlyCount "160"]
[EventDate "2019.??.??"]

1. c4 e5 2. g3 c6 3. Nf3 e4 4. Nd4 d5 5. cxd5 Qxd5 6. Nc2 Nf6 7. Nc3 Qe6 8. Bg2
Bc5 9. b4 Bb6 10. Na4 Bc7 11. Bb2 Be5 12. Qb1 O-O 13. Nc5 Qe7 14. Ne3 Re8 15.
O-O b6 16. Na4 Qxb4 17. Bxe5 Qxb1 18. Rfxb1 Rxe5 19. Nc4 Re8 20. Nd6 Rd8 21.
Nxe4 Nxe4 22. Bxe4 Bg4 23. f3 Be6 24. Rb2 f5 25. Bc2 c5 26. d3 Nc6 27. Bb3 Kf7
28. Kf2 Rac8 29. Rc1 Na5 30. Bxe6+ Kxe6 31. Nxb6 axb6 32. Rxb6+ Rd6 33. Rb5 Ra6
34. Rcxc5 Rxc5 35. Rxc5 Nc6 36. a4 g6 37. Rc4 Ne5 38. Rb4 Nd7 39. Rh4 h5 40.
Rc4 Kd5 41. e4+ fxe4 42. fxe4+ Kd6 43. d4 Rb6 44. h4 Rb3 45. e5+ Kd5 46. Rc7
Nf8 47. a5 Ra3 48. Rf7 Ne6 49. Rf6 Nxd4 50. Rxg6 Ke4 51. e6 Ra2+ 52. Kf1 Rxa5
53. e7 Re5 54. g4 hxg4 55. Rxg4+ Ke3 56. Rg3+ Kf4 57. Rd3 Nf5 58. Kf2 Rxe7 59.
Ra3 Re4 60. h5 Rb4 61. Ke2 Rd4 62. Rd3 Rc4 63. Rd8 Rc3 64. Kd2 Rh3 65. Rd3 Rxh5
66. Kc3 Ke5 67. Rd8 Nd6 68. Ra8 Rh3+ 69. Kd2 Kd4 70. Ra4+ Nc4+ 71. Ke2 Re3+ 72.
Kf2 Re4 73. Ra8 Rh4 74. Kf3 Ne5+ 75. Kf2 Rf4+ 76. Ke2 Re4+ 77. Kf2 Nd3+ 78. Kf3
Rf4+ 79. Kg3 Rf5 80. Kg4 Rf4+ 1/2-1/2

[Event "OLSW 1920 SC Caissa Schwarzenbach - SK L"]
[Site "?"]
[Date "2019.09.29"]
[Round "1.2"]
[White "Weller, Manuel"]
[Black "Muranyi, Karl-Jasmin"]
[Result "1/2-1/2"]
[WhiteElo "2255"]
[BlackElo "2331"]
[PlyCount "55"]
[EventDate "2019.??.??"]

1. c4 Nf6 2. g3 c6 3. Bg2 d5 4. Nf3 Bf5 5. cxd5 Bxb1 6. Rxb1 cxd5 7. O-O Nc6 8.
b4 e6 9. b5 Nb8 10. d3 Nbd7 11. Bf4 Bc5 12. Qb3 O-O 13. Qb2 Qe7 14. Rfe1 Ng4
15. d4 Ba3 16. Qb3 f5 17. Ng5 Nb6 18. Nxe6 Qxe6 19. Qxa3 Nc4 20. Qc5 Nf6 21.
Qb4 h6 22. Rbd1 Rac8 23. Bc1 Kh7 24. Qb1 Ne4 25. Rd3 g5 26. f3 Ned6 27. Kh1 Qg6
28. Qb4 1/2-1/2

[Event "OLSW 1920 SC Caissa Schwarzenbach - SK L"]
[Site "?"]
[Date "2019.09.29"]
[Round "1.3"]
[White "Lang, Torsten"]
[Black "Oberhofer, Andre"]
[Result "1/2-1/2"]
[WhiteElo "2317"]
[BlackElo "2287"]
[PlyCount "85"]
[EventDate "2019.??.??"]

1. d4 Nf6 2. Nf3 e6 3. g3 d5 4. Bg2 Be7 5. O-O O-O 6. c4 c6 7. Nc3 Nbd7 8. Qd3
b6 9. cxd5 cxd5 10. Bf4 a5 11. Rfc1 Ba6 12. Nb5 a4 13. a3 Ne4 14. b3 axb3 15.
Qxb3 Bxb5 16. Qxb5 Rxa3 17. Rxa3 Bxa3 18. Rc7 Ndf6 19. Qxb6 Bd6 20. Bxd6 Nxd6
21. Qc6 Qb8 22. Bf1 Nde4 23. h3 Qb4 24. e3 g6 25. Qc2 Ne8 26. Rc8 N8d6 27.
Rxf8+ Kxf8 28. Bd3 Nc3 29. Ne5 Nc4 30. Nf3 Nb2 31. Kg2 Kg7 32. Ne5 Nc4 33. Nf3
Nb5 34. h4 Nba3 35. Qe2 Qc3 36. Ng5 h6 37. Nh3 Qd2 38. Bxc4 Nxc4 39. Qxd2 Nxd2
40. Nf4 g5 41. hxg5 hxg5 42. Nd3 g4 43. Ne5 1/2-1/2

[Event "OLSW 1920 SC Caissa Schwarzenbach - SK L"]
[Site "?"]
[Date "2019.09.29"]
[Round "1.4"]
[White "Gress, Alexander"]
[Black "Silber, Henning"]
[Result "0-1"]
[WhiteElo "2210"]
[BlackElo "2298"]
[PlyCount "190"]
[EventDate "2019.??.??"]

1. e4 e5 2. Nf3 Nc6 3. Bc4 Nf6 4. Ng5 d5 5. exd5 Na5 6. Bb5+ c6 7. dxc6 bxc6 8.
Bd3 Be7 9. O-O Nd5 10. Nf3 f6 11. Re1 O-O 12. Nc3 Bg4 13. h3 Bh5 14. Bf5 Nxc3
15. bxc3 c5 16. d3 Nc6 17. Qe2 Qd6 18. Qe4 g6 19. Qc4+ Kh8 20. Be4 g5 21. Ba3
Rac8 22. Bf5 Bf7 23. Qe4 Rc7 24. Rad1 Qd5 25. h4 Qxe4 26. Rxe4 h6 27. hxg5 hxg5
28. Ra4 c4 29. d4 Bxa3 30. Rxa3 Ne7 31. g4 Nxf5 32. gxf5 Bh5 33. Kg2 e4 34. Rh1
exf3+ 35. Kg3 Rh7 36. Ra6 Bg6 37. Rxh7+ Bxh7 38. Kg4 Rf7 39. Rc6 Bg8 40. Rxc4
Rd7 41. Rc8 Kg7 42. a3 Bd5 43. Rc5 Be4 44. Ra5 Bxc2 45. Kxf3 Rc7 46. Ke2 Rxc3
47. Rxa7+ Kf8 48. Kd2 Rc4 49. Ra8+ Ke7 50. Ra7+ Kd8 51. Rf7 Bxf5 52. Rxf6 Rxd4+
53. Ke3 Rd5 54. Rf7 Ra5 55. a4 Bd7 56. Rg7 g4 57. f3 gxf3 58. Kxf3 Rxa4 59. Ke3
Kc7 60. Rg6 Bc6 61. Rh6 Kb6 62. Rh5 Rg4 63. Rf5 Kc7 64. Rf6 Bd5 65. Rf4 Rg5 66.
Rf6 Kd7 67. Kf4 Rg1 68. Ke5 Be6 69. Rh6 Rg5+ 70. Kf4 Rf5+ 71. Ke4 Ra5 72. Rh2
Kd6 73. Rd2+ Bd5+ 74. Ke3 Ke5 75. Rd4 Ra1 76. Rd2 Rh1 77. Kd3 Rh3+ 78. Kc2 Kd6
79. Rd3 Rh4 80. Rg3 Kc5 81. Rc3+ Bc4 82. Rg3 Kd4 83. Rg2 Bd3+ 84. Kb2 Rh1 85.
Rg4+ Be4 86. Rg3 Rb1+ 87. Ka2 Rb6 88. Ra3 Bd3 89. Ka1 Bc4 90. Ra5 Kc3 91. Ra3+
Bb3 92. Ra8 Rh6 93. Rc8+ Bc4 94. Rb8 Ra6+ 95. Kb1 Bd3+ 0-1

[Event "OLSW 1920 SC Caissa Schwarzenbach - SK L"]
[Site "?"]
[Date "2019.09.29"]
[Round "1.5"]
[White "Leuranguer, Yannick"]
[Black "Grewenig, Jan"]
[Result "1/2-1/2"]
[WhiteElo "2255"]
[BlackElo "2114"]
[PlyCount "83"]
[EventDate "2019.??.??"]

1. e4 c5 2. c3 Nf6 3. e5 Nd5 4. d4 cxd4 5. cxd4 Nc6 6. Nf3 d6 7. Bc4 Nb6 8. Bb5
dxe5 9. Nxe5 Bd7 10. Nxd7 Qxd7 11. Nc3 e6 12. O-O Be7 13. Qg4 O-O 14. Bxc6 bxc6
15. Bh6 Bf6 16. Rfd1 Kh8 17. Ne4 Qd8 18. Bg5 Bxg5 19. Nxg5 h6 20. Nf3 Nd5 21.
Ne5 Rc8 22. Rac1 Ne7 23. Rc5 Qd6 24. Qe4 Kg8 25. Rdc1 Rb8 26. b3 Rfd8 27. R1c4
Rb5 28. g3 Rxc5 29. Rxc5 Qxd4 30. Qxd4 Rxd4 31. Nxc6 Nxc6 32. Rxc6 a5 33. Kf1
Rd2 34. a4 Rb2 35. Rc5 Rxb3 36. Rxa5 g5 37. Ra7 Kg7 38. a5 Ra3 39. Ke2 Kf6 40.
a6 h5 41. Ra8 Kf5 42. h3 1/2-1/2

[Event "OLSW 1920 SC Caissa Schwarzenbach - SK L"]
[Site "?"]
[Date "2019.09.29"]
[Round "1.7"]
[White "Lang, Matthias"]
[Black "Mueller, Max"]
[Result "1-0"]
[WhiteElo "2152"]
[BlackElo "2012"]
[PlyCount "127"]
[EventDate "2019.??.??"]

1. d4 Nf6 2. Nf3 g6 3. Bg5 Ne4 4. Bf4 Bg7 5. Nbd2 d5 6. e3 c5 7. c3 Qb6 8. Qb3
Nxd2 9. Nxd2 Nc6 10. Qxb6 axb6 11. Bc7 Bf5 12. Bxb6 cxd4 13. exd4 O-O 14. Bb5
Bh6 15. Nb3 f6 16. O-O Bf4 17. a4 Bd6 18. Rfe1 Rfe8 19. a5 Bd7 20. Bc5 Kf8 21.
f3 Red8 22. g3 g5 23. Kf2 h6 24. Bb6 Re8 25. Nc5 Bxc5 26. Bxc5 Kf7 27. b4 e6
28. Bd3 Red8 29. Bb6 Rdc8 30. a6 bxa6 31. Bxa6 Rcb8 32. Bc7 Nxb4 33. Bxb8 Nxa6
34. Bd6 Bb5 35. Reb1 Bc4 36. Rb7+ Kg6 37. g4 Rd8 38. Rb6 Rc8 39. Ke3 Kf7 40.
Kd2 Kg6 41. Raxa6 Bxa6 42. Rxa6 Re8 43. Kd3 h5 44. h3 hxg4 45. hxg4 Rh8 46. Bb4
Rh3 47. Ke3 Rh1 48. Rc6 Kf7 49. Rc7+ Kg6 50. Re7 Kh6 51. Rf7 Kg6 52. Rf8 f5 53.
Rg8+ Kf6 54. Ba5 f4+ 55. Kf2 Rh2+ 56. Kg1 Rc2 57. Bc7 Rxc3 58. Be5+ Kf7 59.
Rxg5 Rxf3 60. Kg2 Rd3 61. Kf2 Rd2+ 62. Kf3 Rd1 63. Rg7+ Ke8 64. Kxf4 1-0

[Event "OLSW 1920 SC Caissa Schwarzenbach - SK L"]
[Site "?"]
[Date "2019.09.29"]
[Round "1.8"]
[White "Holle, Cedric"]
[Black "Karpa, Adrian"]
[Result "0-1"]
[WhiteElo "2105"]
[BlackElo "2087"]
[PlyCount "84"]
[EventDate "2019.??.??"]

1. e4 c6 2. d4 d5 3. e5 Bf5 4. Nf3 e6 5. Be2 Bg6 6. O-O Nd7 7. c3 Ne7 8. a4 c5
9. a5 a6 10. Nbd2 cxd4 11. cxd4 Qc7 12. Qa4 Nc6 13. b3 Bb4 14. Ba3 b5 15. axb6
Nxb6 16. Qxb4 Nxb4 17. Bxb4 Qb7 18. Rfc1 Kd7 19. Rc5 Rhc8 20. Rca5 Nc4 21. bxc4
Qxb4 22. cxd5 exd5 23. Bxa6 Ke7 24. Nf1 Rc6 25. Ne3 Be4 26. R5a4 Qb2 27. Nd1
Qb6 28. Nd2 Bf5 29. Ne3 Be6 30. Rb1 Qc7 31. Rb7 Rc1+ 32. Ndf1 Qxb7 33. Bxb7
Rxa4 34. f4 g6 35. Bxd5 Bxd5 36. Nxd5+ Ke6 37. Nde3 Rxd4 38. g3 Rd2 39. h3 Re2
40. Ng2 Kf5 41. Nh4+ Ke4 42. Ng2 Ra1 0-1

[Event "OLSW 1920 SF Heidesheim - SK Altenkirche"]
[Site "?"]
[Date "2019.09.29"]
[Round "1.1"]
[White "Bruehl, Andreas"]
[Black "Carow, Johannes"]
[Result "1/2-1/2"]
[WhiteElo "2348"]
[BlackElo "2433"]
[PlyCount "86"]
[EventDate "2019.??.??"]

1. d4 Nf6 2. c4 g6 3. f3 e6 4. e4 d5 5. Bg5 dxe4 6. fxe4 h6 7. Bxf6 Qxf6 8. Nf3
e5 9. Nc3 Nc6 10. dxe5 Nxe5 11. Nd5 Nxf3+ 12. gxf3 Qe5 13. Qc2 g5 14. O-O-O Bd7
15. h4 c6 16. Qc3 Qxc3+ 17. Nxc3 g4 18. e5 O-O-O 19. f4 Bc5 20. Ne4 Be3+ 21.
Kc2 Bf5 22. Rxd8+ Rxd8 23. Bd3 Bxe4 24. Bxe4 Rd2+ 25. Kc3 g3 26. Rh3 Bxf4 27.
Rxg3 Rh2 28. Rg8+ Kd7 29. Kd4 Rxb2 30. Bf5+ Ke7 31. Rc8 Bg3 32. Rc7+ Kf8 33. h5
Rf2 34. Bc8 Rf4+ 35. Kd3 Rf3+ 36. Ke4 Rc3 37. Kd4 Ra3 38. Bxb7 c5+ 39. Ke4 Rxa2
40. Bd5 Rf2 41. Rxa7 Rf4+ 42. Kd3 Rf5 43. Ke4 Rf4+ 1/2-1/2

[Event "OLSW 1920 SF Heidesheim - SK Altenkirche"]
[Site "?"]
[Date "2019.09.29"]
[Round "1.2"]
[White "Wilhelm, Till"]
[Black "Weimann, Maximilian"]
[Result "1-0"]
[WhiteElo "2254"]
[BlackElo "2222"]
[PlyCount "73"]
[EventDate "2019.??.??"]

1. Nf3 d5 2. g3 Nf6 3. Bg2 e6 4. O-O Be7 5. c4 O-O 6. b3 c5 7. cxd5 exd5 8. d4
Nc6 9. Bb2 Re8 10. Nc3 a6 11. Rc1 Bg4 12. dxc5 Bxc5 13. h3 Bh5 14. g4 Bg6 15.
e3 Ba7 16. Nh4 d4 17. exd4 Bxd4 18. Nxg6 hxg6 19. Rc2 Bxc3 20. Bxc3 Ne4 21. Ba1
Qa5 22. Qb1 Rad8 23. Bxe4 Rxe4 24. Rxc6 Qd5 25. Qb2 f6 26. Rc7 Qg5 27. Qc3 Rde8
28. Kg2 Qd5 29. Qf3 Qa5 30. Rfc1 Qg5 31. R1c5 Qh4 32. Rxb7 Re1 33. Rcc7 Rxa1
34. Rxg7+ Kh8 35. Rh7+ Qxh7 36. Qxf6+ Kg8 37. Rxh7 1-0

[Event "OLSW 1920 SF Heidesheim - SK Altenkirche"]
[Site "?"]
[Date "2019.09.29"]
[Round "1.3"]
[White "Wagener, Claude"]
[Black "Karst, Elmar"]
[Result "1/2-1/2"]
[WhiteElo "2242"]
[BlackElo "2289"]
[PlyCount "60"]
[EventDate "2019.??.??"]

1. e4 d6 2. d4 Nf6 3. Nc3 e5 4. f4 exd4 5. Qxd4 Be7 6. Bd2 O-O 7. Nf3 Nc6 8.
Qf2 a6 9. a3 Re8 10. Bd3 Bf8 11. O-O g6 12. Kh1 Bg7 13. Rae1 b5 14. f5 Ng4 15.
Qg3 Nge5 16. Nd5 Nxf3 17. Rxf3 Ne5 18. Rff1 Bb7 19. Bg5 f6 20. Bd2 g5 21. Ba5
Rc8 22. b3 Qd7 23. Bc3 Qf7 24. Bxe5 Rxe5 25. c4 Rce8 26. Rc1 Kh8 27. Rfd1 Qd7
28. Qf3 c6 29. Nc3 Bf8 30. h3 d5 1/2-1/2

[Event "OLSW 1920 SF Heidesheim - SK Altenkirche"]
[Site "?"]
[Date "2019.09.29"]
[Round "1.4"]
[White "Enzmann, Steffen"]
[Black "Heidorn, Oliver"]
[Result "1-0"]
[WhiteElo "2171"]
[BlackElo "2116"]
[PlyCount "77"]
[EventDate "2019.??.??"]

1. Nf3 d5 2. g3 Nf6 3. Bg2 g6 4. O-O Bg7 5. d3 O-O 6. c3 c6 7. Nbd2 Re8 8. d4
Nbd7 9. e4 Nxe4 10. Nxe4 dxe4 11. Ng5 Nf6 12. Nxe4 Nxe4 13. Bxe4 Bh3 14. Re1 e6
15. a4 h5 16. a5 Qc7 17. Qb3 Rab8 18. Qc4 Rbc8 19. a6 b6 20. Bg5 Kh7 21. Qe2 f5
22. Bf3 e5 23. dxe5 Bxe5 24. Qc4 f4 25. gxf4 b5 26. Qxc6 Qxc6 27. Bxc6 Rxc6 28.
fxe5 Ree6 29. Ra5 Rc4 30. f3 b4 31. Rb5 bxc3 32. Rb7+ Kg8 33. Rd1 Re8 34. Rd6
Bf5 35. bxc3 Rxc3 36. Rxa7 Rxf3 37. Bf6 Bh3 38. Rd1 Bg4 39. Rb1 {Rest
unleserlich, 1-0 (42)} 1-0

[Event "OLSW 1920 SF Heidesheim - SK Altenkirche"]
[Site "?"]
[Date "2019.09.29"]
[Round "1.5"]
[White "Kaster, Martin"]
[Black "Siegismund, Annelen"]
[Result "0-1"]
[WhiteElo "2085"]
[BlackElo "2130"]
[PlyCount "84"]
[EventDate "2019.??.??"]

1. Nf3 c5 2. c4 Nc6 3. Nc3 g6 4. e3 e6 5. d4 cxd4 6. exd4 d5 7. c5 Nge7 8. Nb5
Nf5 9. Bf4 Kd7 10. Nc7 Bh6 11. Bxh6 Qxc7 12. Bd2 f6 13. Bb5 Ke7 14. Bc3 Kf7 15.
O-O Bd7 16. Bd3 Nce7 17. Qd2 h5 18. Ba5 Qc8 19. b4 Qe8 20. Rfe1 g5 21. Qc3 Rc8
22. Qb2 Bb5 23. Bc2 Ba4 24. Rac1 Bxc2 25. Rxc2 Ng6 26. Rce2 Nf4 27. Rd2 g4 28.
Ne5+ fxe5 29. Rxe5 Nh4 30. Re3 Rg8 31. Rg3 Nf5 32. Ra3 Qb5 33. g3 Nh3+ 34. Kg2
b6 35. Bxb6 axb6 36. Ra7+ Kf6 37. a4 Qe8 38. cxb6 Nd6 39. Rd3 Qg6 40. Qe2 Qe4+
41. Qxe4 dxe4 42. Rd2 Rc1 0-1

[Event "OLSW 1920 SF Heidesheim - SK Altenkirche"]
[Site "?"]
[Date "2019.09.29"]
[Round "1.6"]
[White "Faldum, Manfred"]
[Black "Hoegener, Claude"]
[Result "1-0"]
[WhiteElo "2051"]
[BlackElo "2030"]
[PlyCount "45"]
[EventDate "2019.??.??"]

1. Nf3 d5 2. g3 Nf6 3. Bg2 Bg4 4. c4 c6 5. O-O e6 6. d3 Nbd7 7. Nbd2 Be7 8. b3
O-O 9. Bb2 Qc7 10. Qc2 Rfe8 11. a3 c5 12. d4 cxd4 13. Nxd4 Rac8 14. Rac1 dxc4
15. Qxc4 Qb8 16. Qb5 Nb6 17. h3 Bh5 18. Nxe6 Bxa3 19. Rxc8 Qxc8 20. Nxg7 Bxe2
21. Qg5 h6 22. Qxf6 Bxb2 23. Qxb2 1-0

[Event "OLSW 1920 SF Heidesheim - SK Altenkirche"]
[Site "?"]
[Date "2019.09.29"]
[Round "1.7"]
[White "Hahmann, Markus"]
[Black "Foerster, Erik"]
[Result "0-1"]
[WhiteElo "1910"]
[BlackElo "2086"]
[PlyCount "56"]
[EventDate "2019.??.??"]

1. d4 d5 2. Nc3 Nf6 3. Bg5 e6 4. e4 Bb4 5. e5 h6 6. Be3 Ne4 7. Qg4 g6 8. a3
Bxc3+ 9. bxc3 Nxc3 10. Bd3 b6 11. h4 h5 12. Qh3 c5 13. Bxg6 Qc7 14. Bf4 cxd4
15. Bd3 Ne4 16. Ne2 Nc6 17. O-O Bb7 18. Bb5 O-O-O 19. Bxc6 Qxc6 20. Nxd4 Qc4
21. c3 Ba6 22. Rfe1 Kb8 23. a4 Nxc3 24. Rec1 Qxd4 25. Qxc3 Qxf4 26. Qc7+ Ka8
27. Rcb1 Rc8 28. Qd6 Rc2 0-1

[Event "OLSW 1920 SF Heidesheim - SK Altenkirche"]
[Site "?"]
[Date "2019.09.29"]
[Round "1.8"]
[White "Beck, Michael"]
[Black "Hertlein, Alexander"]
[Result "1-0"]
[WhiteElo "2088"]
[BlackElo "1742"]
[PlyCount "51"]
[EventDate "2019.??.??"]

1. e4 Nf6 2. e5 Nd5 3. c4 Nb6 4. d4 d6 5. exd6 cxd6 6. Nc3 g6 7. Be3 Bg7 8. Rc1
Nc6 9. b3 O-O 10. Nf3 Bg4 11. Be2 e5 12. dxe5 dxe5 13. O-O Qxd1 14. Rfxd1 Nd7
15. h3 Bf5 16. Nb5 Nf6 17. Nd6 Bc8 18. c5 a6 19. Nd2 Rb8 20. N2c4 Be6 21. Bf3
Bxc4 22. Rxc4 b5 23. cxb6 Nd4 24. Bxd4 exd4 25. b7 Nd7 26. Ra4 1-0

[Event "OLSW 1920 SK Gau-Algesheim - SVG Saarbrü"]
[Site "?"]
[Date "2019.09.29"]
[Round "1.1"]
[White "Philippe, Christophe"]
[Black "Ovsejevitsch, Sergei"]
[Result "0-1"]
[WhiteElo "2376"]
[BlackElo "2606"]
[PlyCount "98"]
[EventDate "2019.??.??"]

1. d4 Nf6 2. Nf3 e6 3. Bg5 c5 4. e3 d5 5. Nbd2 Nbd7 6. c3 Qc7 7. Bd3 b6 8. O-O
Bb7 9. Qb1 Bd6 10. e4 cxd4 11. cxd4 dxe4 12. Nxe4 Nxe4 13. Bxe4 h6 14. Rc1 Qb8
15. Bh4 O-O 16. Bc6 Bxc6 17. Rxc6 Rc8 18. Qe4 Qb7 19. Rac1 Bf8 20. Qc2 Rxc6 21.
Qxc6 Qxc6 22. Rxc6 g5 23. Bg3 Nf6 24. Rc7 Nd5 25. Rb7 Rc8 26. h3 a5 27. Kh2 Rc2
28. Ne5 Be7 29. Ng4 Rxb2 30. Nxh6+ Kg7 31. Ng4 Bf6 32. a4 Kg6 33. Be5 Be7 34.
Ne3 Nxe3 35. fxe3 Bf6 36. Bc7 Rb3 37. Rxb6 Rxe3 38. Rb5 Bxd4 39. Rxa5 f5 40. g3
Re2+ 41. Kh1 e5 42. Ra8 f4 43. gxf4 gxf4 44. Rf8 Bc5 45. Rg8+ Kf5 46. Rg7 f3
47. Rf7+ Ke4 48. Bxe5 Re1+ 49. Kh2 f2 0-1

[Event "OLSW 1920 SK Gau-Algesheim - SVG Saarbrü"]
[Site "?"]
[Date "2019.09.29"]
[Round "1.2"]
[White "Bauer, Bjoern-Benny"]
[Black "Bastian, Herbert"]
[Result "1-0"]
[WhiteElo "2193"]
[BlackElo "2302"]
[PlyCount "89"]
[EventDate "2019.??.??"]

1. d4 Nf6 2. c4 g6 3. Nc3 Bg7 4. e4 O-O 5. Be2 d6 6. Nf3 Na6 7. O-O e5 8. d5
Nc5 9. Nd2 a5 10. b3 Bh6 11. Qc2 Ne8 12. a3 f5 13. Rb1 Nf6 14. Bd3 f4 15. b4
Na6 16. c5 axb4 17. axb4 Ne8 18. Bxa6 Rxa6 19. f3 g5 20. Nc4 Bg7 21. Ba3 h5 22.
b5 Ra8 23. b6 dxc5 24. bxc7 Qxc7 25. Nb5 Qd8 26. Bxc5 Rf7 27. Qb2 Bd7 28. Nbd6
Nxd6 29. Nxd6 b5 30. Nxf7 Kxf7 31. Ra1 Rc8 32. Rfc1 g4 33. Bf2 gxf3 34. gxf3
Rxc1+ 35. Rxc1 h4 36. Qc3 Qg5+ 37. Kf1 Bh3+ 38. Ke2 Bg2 39. d6 Bf6 40. Qb3+ Kg7
41. Rc7+ Kh6 42. d7 Bd8 43. Qe6+ Kg7 44. Rc5 h3 45. Qxe5+ 1-0

[Event "OLSW 1920 SK Gau-Algesheim - SVG Saarbrü"]
[Site "?"]
[Date "2019.09.29"]
[Round "1.3"]
[White "Mohammad, Samir"]
[Black "Kling, Felix"]
[Result "0-1"]
[WhiteElo "2301"]
[BlackElo "2148"]
[PlyCount "66"]
[EventDate "2019.??.??"]

1. d4 d5 2. c4 c6 3. Nc3 Nf6 4. Nf3 dxc4 5. e3 b5 6. a4 b4 7. Na2 a5 8. Bxc4 e6
9. O-O Be7 10. Qe2 O-O 11. e4 c5 12. Rd1 Bb7 13. e5 Nd5 14. dxc5 Nd7 15. c6
Bxc6 16. Nd4 Bb7 17. Nf5 Nc5 18. Nxe7+ Qxe7 19. Qg4 Kh8 20. Bg5 f6 21. exf6
gxf6 22. Bh6 Rg8 23. Qh3 Rxg2+ 24. Qxg2 Rg8 25. Qxg8+ Kxg8 26. Rac1 Qe8 27.
Bxd5 Bxd5 28. Rxc5 Qg6+ 29. Kf1 Qxh6 30. Nc1 Qxh2 31. Rd3 Qd6 32. Rg3+ Kf7 33.
Rxa5 Qc7 0-1

[Event "OLSW 1920 SK Gau-Algesheim - SVG Saarbrü"]
[Site "?"]
[Date "2019.09.29"]
[Round "1.4"]
[White "Frede, Lennart"]
[Black "Le Corre, Benjamin"]
[Result "0-1"]
[WhiteElo "2190"]
[BlackElo "2266"]
[PlyCount "100"]
[EventDate "2019.??.??"]

1. Nf3 Nf6 2. g3 g6 3. Bg2 Bg7 4. d3 d5 5. O-O O-O 6. Nbd2 d4 7. e4 dxe3 8.
fxe3 Nc6 9. e4 e5 10. Nc4 Nh5 11. Be3 Be6 12. b3 h6 13. Qd2 Kh7 14. Rae1 Qd7
15. Qc3 Nf4 16. Nfxe5 Nxe5 17. Nxe5 Bxe5 18. Qxe5 Nxg2 19. Kxg2 Bh3+ 20. Kg1
Bxf1 21. Rxf1 Rae8 22. Qf4 g5 23. Qf3 f6 24. Qf2 b6 25. Bd4 Re6 26. Qf5+ Kg7
27. Bb2 Rf7 28. d4 Re8 29. Qf3 Qe6 30. Re1 c6 31. c4 Kg8 32. d5 cxd5 33. cxd5
Qc8 34. Rc1 Qd7 35. Rc6 Rc8 36. Rxf6 Rc2 37. Rg6+ Kh7 38. Qh5 Rf1+ 39. Kxf1
Qf7+ 40. Bf6 Qxg6 41. Qf3 Kg8 42. g4 Qe8 43. Qd3 Qc8 44. d6 Rc1+ 45. Kf2 Qxg4
46. Qd5+ Kf8 47. Be7+ Ke8 48. Qa8+ Rc8 49. Qxa7 Qf4+ 50. Ke2 Qxe4+ 0-1

[Event "OLSW 1920 SK Gau-Algesheim - SVG Saarbrü"]
[Site "?"]
[Date "2019.09.29"]
[Round "1.5"]
[White "Busche, Stefan"]
[Black "Friedrich, Marius"]
[Result "1/2-1/2"]
[WhiteElo "2068"]
[BlackElo "2092"]
[PlyCount "164"]
[EventDate "2019.??.??"]

1. e4 e5 2. Nf3 Nc6 3. Bb5 a6 4. Ba4 Nf6 5. O-O Be7 6. d3 b5 7. Bb3 d6 8. a4
Rb8 9. axb5 axb5 10. Nbd2 O-O 11. Re1 h6 12. h3 Be6 13. c3 Qd7 14. d4 exd4 15.
cxd4 Bxb3 16. Qxb3 d5 17. e5 Nh7 18. Nf1 Rfd8 19. Ra6 Nf8 20. Be3 Ne6 21. Rc1
Nb4 22. Ra7 Rb6 23. Ng3 Bf8 24. Ne2 Nc6 25. Raa1 Ne7 26. Bd2 Rc6 27. Rxc6 Qxc6
28. Rc1 Qb7 29. Nf4 Nxf4 30. Bxf4 Ra8 31. e6 fxe6 32. Rxc7 Qb6 33. Rc5 b4 34.
Rc1 Nf5 35. Be5 Bd6 36. Bxd6 Nxd6 37. Qd3 Nf5 38. g4 Ne7 39. Ne5 b3 40. Rc3 Ra4
41. Rxb3 Rb4 42. Rxb4 Qxb4 43. Qc3 Qxc3 44. bxc3 Nc8 45. Kf1 Nd6 46. Ke2 Ne4
47. c4 dxc4 48. Nxc4 g5 49. Ke3 Nc3 50. Nd6 Kg7 51. Kd3 Nd5 52. Ke4 Kf6 53. Nc4
Nc3+ 54. Ke3 Nd5+ 55. Kf3 Nc3 56. Nd2 Nd5 57. Nc4 Nc3 58. Ne3 Kg6 59. Nc4 Kf6
60. Ne5 Kg7 61. Nd3 Kf6 62. Ke3 Nd5+ 63. Kd2 Ke7 64. Kc2 Kf7 65. Kb3 Ke7 66.
Kc4 Kf6 67. Kc5 Nc3 68. f4 Ne4+ 69. Kc6 Nc3 70. Kd6 Ne4+ 71. Kd7 gxf4 72. Nxf4
Ng5 73. h4 Nf3 74. Nxe6 Nxh4 75. d5 Nf3 76. Nf4 Ne5+ 77. Kc7 Nxg4 78. d6 Ne5
79. Nd5+ Ke6 80. Nf4+ Kf6 81. Nd5+ Ke6 82. Nf4+ Kf6 1/2-1/2

[Event "OLSW 1920 SK Gau-Algesheim - SVG Saarbrü"]
[Site "?"]
[Date "2019.09.29"]
[Round "1.7"]
[White "Jenner, Meikel"]
[Black "Dillmann, Markus"]
[Result "1-0"]
[WhiteElo "1905"]
[BlackElo "2096"]
[PlyCount "35"]
[EventDate "2019.??.??"]

1. e4 d6 2. d4 Nf6 3. Nc3 Nbd7 4. f4 e5 5. Nf3 c6 6. a4 exd4 7. Nxd4 d5 8. e5
c5 9. Ndb5 d4 10. exf6 Nxf6 11. Na2 a6 12. Na3 Bg4 13. Be2 Qe7 14. h3 Bh5 15.
g4 Nxg4 16. hxg4 Bxg4 17. Kf2 Bf5 18. Bd3 1-0

[Event "OLSW 1920 SK Gau-Algesheim - SVG Saarbrü"]
[Site "?"]
[Date "2019.09.29"]
[Round "1.8"]
[White "Erlekam, Simon"]
[Black "Zha, Kevin"]
[Result "0-1"]
[WhiteElo "1881"]
[BlackElo "1923"]
[PlyCount "36"]
[EventDate "2019.??.??"]

1. e4 g6 2. d4 Bg7 3. f4 c5 4. c3 cxd4 5. cxd4 Qb6 6. Nf3 Nc6 7. e5 Nh6 8. d5
Nb4 9. a3 Na6 10. Nc3 O-O 11. Bd3 d6 12. Qe2 Nc5 13. Be3 Qxb2 14. Rc1 Nxd3+ 15.
Qxd3 Qxg2 16. Rf1 Ng4 17. Bd4 Bf5 18. Qb5 a6 0-1

[Event "OLSW 1920 Turm Illingen - Gambit Saarbrü"]
[Site "?"]
[Date "2019.09.29"]
[Round "1.1"]
[White "Pucher, Sebastien"]
[Black "Mayer, Frank"]
[Result "1/2-1/2"]
[WhiteElo "2296"]
[BlackElo "2315"]
[PlyCount "74"]
[EventDate "2019.??.??"]

1. c4 c5 2. g3 g6 3. Bg2 Bg7 4. Nc3 Nc6 5. Nf3 d6 6. O-O Qd7 7. e3 Bxc3 8. dxc3
b6 9. e4 Bb7 10. e5 O-O-O 11. Ng5 Nxe5 12. Bxb7+ Qxb7 13. f4 h6 14. fxe5 hxg5
15. Qg4+ Kb8 16. Bxg5 dxe5 17. Rxf7 Nh6 18. Bxh6 Rxh6 19. Raf1 Rd2 20. Rf8+ Kc7
21. R1f2 Rxf2 22. Rxf2 Qc6 23. Rf7 Qd6 24. Qg5 Rh5 25. Qxe7+ Qxe7 26. Rxe7+ Kd6
27. Rxa7 Rf5 28. Rb7 e4 29. Rxb6+ Kd7 30. Rb7+ Kd8 31. Rb8+ Kd7 32. Rb7+ Kd8
33. g4 Rf4 34. Rb8+ Kd7 35. Rb7+ Kd8 36. Rb8+ Kd7 37. Rb7+ Kd8 1/2-1/2

[Event "OLSW 1920 Turm Illingen - Gambit Saarbrü"]
[Site "?"]
[Date "2019.09.29"]
[Round "1.2"]
[White "Klein, Joachim"]
[Black "Wagner, Harald"]
[Result "1-0"]
[WhiteElo "2158"]
[BlackElo "2201"]
[PlyCount "81"]
[EventDate "2019.??.??"]

1. d4 Nf6 2. Nc3 c5 3. d5 g6 4. e4 d6 5. Nf3 Bg7 6. h3 O-O 7. Be2 b5 8. Nxb5
Nxe4 9. O-O a6 10. Na3 Nd7 11. Re1 Nb6 12. Nc4 e6 13. Nxb6 Qxb6 14. Bc4 Nf6 15.
dxe6 Bxe6 16. Bxe6 fxe6 17. Rxe6 Rad8 18. c3 Qc6 19. Bg5 h6 20. Bxf6 Rxf6 21.
Qe2 Qd5 22. Rxf6 Bxf6 23. Qxa6 Ra8 24. Qe2 Rxa2 25. Rd1 Qf7 26. Rxd6 Bxc3 27.
Qe4 Bxb2 28. Rxg6+ Bg7 29. Ne5 Qxf2+ 30. Kh2 Ra7 31. Ng4 Qf8 32. Nxh6+ Kh8 33.
Nf5 Qb8+ 34. Nd6 Rd7 35. Qh4+ Kg8 36. Qg3 c4 37. Nxc4 Qb1 38. Ne5 Re7 39. Nf3
Qf5 40. Rg5 Qe4 41. Rc5 1-0

[Event "OLSW 1920 Turm Illingen - Gambit Saarbrü"]
[Site "?"]
[Date "2019.09.29"]
[Round "1.3"]
[White "Vogel, Christian"]
[Black "Kuhn, Patrick"]
[Result "1/2-1/2"]
[WhiteElo "2211"]
[BlackElo "2009"]
[PlyCount "94"]
[EventDate "2019.??.??"]

1. e4 c5 2. Nf3 d6 3. c3 Nf6 4. Bd3 Nc6 5. Bc2 Bg4 6. d3 e6 7. h3 Bh5 8. Nbd2
d5 9. g4 Bg6 10. Qe2 Be7 11. Ba4 Qc7 12. Bxc6+ bxc6 13. Nh4 c4 14. dxc4 Bxe4
15. Nxe4 Nxe4 16. Ng2 Bc5 17. Be3 Qb6 18. Bxc5 Qxc5 19. cxd5 cxd5 20. Qe3 Rb8
21. Qxc5 Nxc5 22. O-O-O h5 23. Nf4 hxg4 24. hxg4 Rxh1 25. Rxh1 Ke7 26. Kc2 g5
27. Ne2 e5 28. Ng3 e4 29. Rh6 Nd3 30. Nf5+ Kd7 31. Rd6+ Kc7 32. b3 Nxf2 33.
Rxd5 Nxg4 34. Rd4 Nf2 35. Kd2 Rd8 36. Ke2 Rxd4 37. cxd4 Ng4 38. d5 Nf6 39. Nh6
Nxd5 40. Nxf7 g4 41. Ng5 e3 42. Ne4 Kc6 43. a3 Kb5 44. Kd3 a5 45. Nd6+ Kc5 46.
Nf5 a4 47. bxa4 Kb6 1/2-1/2